| 000 | 00456nam a22001697a 4500 | ||
|---|---|---|---|
| 999 |
_c526397 _d526397 |
||
| 003 | NUST | ||
| 020 | _qH/B | ||
| 038 | _awaseem | ||
| 082 |
_a891.421 _bSHA |
||
| 100 |
_aShah, Syed Karamat Ali _917394 |
||
| 245 |
_aQuliyat-e-Shafiq / _cSyed Karamat Ali Shah |
||
| 260 |
_aMultan : _bJhook Printers, _c2010. |
||
| 300 | _a304 p. ; | ||
| 880 |
_6100-01\r _aسید کرامت علی شاہ |
||
| 880 |
_6245-02\r _aکلیاتِ شفیق / |
||
| 942 |
_2ddc _cBK |
||